FUNDAMENTALS OF SOLD STATE PHYSICS (Record no. 9318)
[ view plain ]
| 000 -LEADER | |
|---|---|
| fixed length control field | 00756nam a22001697a 4500 |
| 003 - CONTROL NUMBER IDENTIFIER | |
| control field | SGT |
| 020 ## - INTERNATIONAL STANDARD BOOK NUMBER | |
| International Standard Book Number | 9789351403661 |
| 082 ## - DEWEY DECIMAL CLASSIFICATION NUMBER | |
| Classification number | 530.41,SAX |
| 100 ## - MAIN ENTRY--PERSONAL NAME | |
| Personal name | SAXENA,B.S |
| 245 ## - TITLE STATEMENT | |
| Title | FUNDAMENTALS OF SOLD STATE PHYSICS |
| 250 ## - EDITION STATEMENT | |
| Edition statement | 15TH |
| 260 ## - PUBLICATION, DISTRIBUTION, ETC. (IMPRINT) | |
| Place of publication, distribution, etc | NEW DELHI |
| Name of publisher, distributor, etc | PRAGATI PRAKASHAN |
| Year of Publication | 2015 |
| 300 ## - PAGE DESCRIPTION | |
| No. of Pages | 704 |
| 650 ## - SUBJECT ADDED ENTRY--TOPICAL TERM | |
| Topical term or geographic name as entry element | PHYSICS |
| 653 ## - KEYWORDS--INDEX TERM | |
| Keyword term | CRYSTALLOGRAPHY, DIFFRACTION OF X-RAYS, ELECTRONS AND NEUTRONS BY CRYSTALS,CRYSTAL BINDING, ELASTICITY AND ELASTIC ELASTIC WAVES, DEFECTS AND DISLOCATIONS IN CRYSTALS, LATTICE VIBRATIONS AND PHONONS, THERMAL PROPERTIES OF SOLIDS, FREE ELECTRON THEORY OF METALS, TRANSPORT PROPERTIES, BAND THEORY OF SOLIDS, SEMI-CONDUCTORS, MAGNETISM, MAGNETIC RESONANCE, SUPERCONDUCTIVITY, MASERS AND LASERS |
| 942 ## - ADDED ENTRY ELEMENTS (KOHA) | |
| Source of classification or shelving scheme | Dewey Decimal Classification |
| Koha item type | FPS Books |
| 942 ## - ADDED ENTRY ELEMENTS (KOHA) | |
| -- | 5 |
| Withdrawn status | Lost status | Source of classification or shelving scheme | Damaged status | Not for loan | Collection code | Home library | Current library | Shelving location | Date acquired | Vendor Name | Cost, normal purchase price | SGTU | Bill Number | Total Checkouts | Full call number | Accession No. (Barcode) | Date last seen | Date last borrowed | Bill Date | Koha item type |
|---|---|---|---|---|---|---|---|---|---|---|---|---|---|---|---|---|---|---|---|---|
| Dewey Decimal Classification | SCIENCE | SGT Science & Social Sciences Library | SGT Science & Social Sciences Library | On Display | 29/06/2016 | AHUJA BOOKS | 495.00 | SGTU | 6769 | 16 | 530.41,SAX | PS1556 | 12/09/2024 | 11/09/2024 | 19/03/2016 | FPS Books | ||||
| Dewey Decimal Classification | SCIENCE | SGT Science & Social Sciences Library | SGT Science & Social Sciences Library | On Display | 29/06/2016 | AHUJA BOOKS | 495.00 | SGTU | 6769 | 7 | 530.41,SAX | PS1557 | 11/11/2021 | 21/10/2021 | 19/03/2016 | FPS Books |